[Event "FIN-chT1A 1819"]
[Site "Finland"]
[Date "2018.12.08"]
[Round "4.4"]
[White "Nordlund, Jukka"]
[Black "Linqvist, Grels"]
[Result "1/2-1/2"]
[WhiteElo "2135"]
[BlackElo "2015"]
[PlyCount "102"]
[EventDate "2018.09.15"]
[EventType "team-tourn"]
[EventRounds "7"]
[EventCountry "FIN"]
[SourceTitle "EXT 2020"]
[Source "ChessBase"]
[SourceDate "2019.10.17"]
[SourceVersion "1"]
[SourceVersionDate "2019.10.17"]
[SourceQuality "1"]
[WhiteTeam "Pori PSY"]
[BlackTeam "Vaasa VSS"]
[WhiteTeamCountry "FIN"]
[BlackTeamCountry "FIN"]

1. d4 d5 2. Bf4 Nf6 3. e3 c5 4. Nc3 a6 5. dxc5 Nc6 6. a3 e5 7. Bg5 Be6 8. b4 Be7 9. Nf3 0-0 10. Be2 Nd7 11. Bxe7 Nxe7 12. 0-0 f6 13. e4 d4 14. Nd5 Nxd5 15. exd5 Bxd5 16. c3 Qc7 17. cxd4 exd4 18. Qxd4 Bxf3 19. Bxf3 Ne5 20. Qd5+ Rf7 21. Rad1 Kh8 22. Qb3 Rd8 23. Rxd8+ Qxd8 24. Rd1 Rd7 25. Rxd7 Qxd7 26. Qd5 Nxf3+ 27. Qxf3 Kg8 28. h3 h6 29. a4 Kf8 30. Qe4 Qd1+ 31. Kh2 Qd7 32. f4 Qc7 33. Kg3 Qd7 34. f5 Qc7+ 35. Kg4 Qd7 36. Kh5 Qf7+ 37. Kh4 Qd7 38. Kh5 Qf7+ 39. Kh4 Qd7 40. g4 Qd2 41. b5 axb5 42. axb5 Kg8 43. c6 bxc6 44. bxc6 Kh7 45. Kg3 Qc3+ 46. Qf3 Qe1+ 47. Kg2 Qd2+ 48. Kf1 Qc1+ 49. Ke2 Qc2+ 50. Ke3 Qc3+ 51. Ke2 Qc2+ 1/2-1/2

[Event "FIN-chT1A 1718"]
[Site "Finland"]
[Date "2018.02.03"]
[Round "6.5"]
[White "Salonen, Mikko"]
[Black "Linqvist, Grels"]
[Result "1/2-1/2"]
[WhiteElo "1988"]
[BlackElo "2046"]
[PlyCount "130"]
[EventDate "2017.09.16"]
[EventType "team-tourn"]
[EventRounds "7"]
[EventCountry "FIN"]
[SourceTitle "EXT 2020"]
[Source "ChessBase"]
[SourceDate "2019.10.17"]
[SourceVersion "1"]
[SourceVersionDate "2019.10.17"]
[SourceQuality "1"]
[WhiteTeam "Sastamala VammSK"]
[BlackTeam "Vaasa VSS"]
[WhiteTeamCountry "FIN"]
[BlackTeamCountry "FIN"]

1. e4 e6 2. d4 d5 3. Nd2 b6 4. Ngf3 Bb7 5. exd5 Qxd5 6. Bc4 Qd8 7. 0-0 Nf6 8. c3 Nbd7 9. Ne5 Nxe5 10. dxe5 Nd7 11. Nf3 Be7 12. Bf4 c5 13. Qb3 Qc7 14. Rfd1 Bc6 15. Bb5 0-0 16. Rd2 Rfd8 17. Rad1 Nf8 18. Bxc6 Qxc6 19. c4 h6 20. Qe3 Ng6 21. Bg3 Rxd2 22. Rxd2 Rd8 23. Rxd8+ Bxd8 24. b3 Bc7 25. h4 Ne7 26. Qd3 Nf5 27. Bf4 Qe8 28. g4 Ne7 29. h5 Qd8 30. Qe4 Qd7 31. Bg3 Qc6 32. Qd3 Qe8 33. Bh4 Nc6 34. Qe4 Bd8 35. g5 hxg5 36. Bxg5 Nd4 37. Be3 Nxf3+ 38. Qxf3 Bc7 39. Qe4 Qd8 40. h6 g6 41. Kg2 Qb8 42. Bf4 Bd8 43. Qc6 Bc7 44. Qe4 Bd8 45. Kf3 Be7 46. Ke2 Kh7 47. Qf3 Qc7 48. Qa8 Bd8 49. Be3 a5 50. a3 g5 51. Qe4+ Kxh6 52. f4 gxf4 53. Qxf4+ Kg7 54. Qg3+ Kf8 55. Bh6+ Ke7 56. Qg7 Kd7 57. Qxf7+ Be7 58. Qf4 Qc6 59. Qf3 Qc7 60. Bg7 Qc6 61. Qxc6+ Kxc6 62. a4 Kd7 63. Kf3 Ke8 64. Kg4 Kf7 65. Bh6 Kg6 1/2-1/2

[Event "Helsinki-ch Master"]
[Site "Helsinki"]
[Date "2018.01.03"]
[Round "5"]
[White "Linqvist, Grels"]
[Black "Pasanen, Tuomo Tapio"]
[Result "0-1"]
[WhiteElo "2049"]
[BlackElo "1995"]
[PlyCount "66"]
[EventDate "2017.12.29"]
[EventType "tourn"]
[EventRounds "7"]
[EventCountry "FIN"]
[SourceTitle "EXT 2019"]
[Source "ChessBase"]
[SourceDate "2018.10.10"]
[SourceVersion "1"]
[SourceVersionDate "2018.10.10"]
[SourceQuality "1"]

1. Nf3 f5 2. d3 d5 3. c4 e6 4. g3 c6 5. Bg2 dxc4 6. dxc4 Qxd1+ 7. Kxd1 Nf6 8. Nbd2 Bc5 9. e3 a5 10. b3 a4 11. Bb2 a3 12. Bc3 Na6 13. Ne5 Bb4 14. Kc2 c5 15. Nd3 Ra7 16. e4 0-0 17. exf5 Bxc3 18. Kxc3 exf5 19. Rae1 b6 20. Bd5+ Nxd5+ 21. cxd5 Nc7 22. Re5 Bb7 23. Rhe1 Nxd5+ 24. Kc2 Rd8 25. Re8+ Rxe8 26. Rxe8+ Kf7 27. Re5 Kf6 28. Re1 Ba6 29. Nc4 Bb5 30. f4 Bxc4 31. bxc4 Nc7 32. Ne5 Ne6 33. Nd7+ Rxd7 0-1

[Event "Heart of Finland op 27th"]
[Site "Jyvaskyla"]
[Date "2017.07.18"]
[Round "3"]
[White "Linqvist, Grels"]
[Black "Norlamo, Sarabella"]
[Result "1-0"]
[WhiteElo "2043"]
[BlackElo "1649"]
[PlyCount "57"]
[EventDate "2017.07.17"]
[EventType "swiss"]
[EventRounds "9"]
[EventCountry "FIN"]
[SourceTitle "CBM 179 Extra"]
[Source "ChessBase"]
[SourceDate "2017.08.23"]
[SourceVersion "1"]
[SourceVersionDate "2017.08.23"]
[SourceQuality "1"]

1. c4 Nf6 2. Nc3 g6 3. g3 Bg7 4. Bg2 0-0 5. d4 d6 6. Nf3 Nbd7 7. 0-0 e5 8. h3 exd4 9. Nxd4 Nc5 10. e4 Ne6 11. Nde2 Rb8 12. Be3 a6 13. Qd2 Re8 14. Rad1 Bd7 15. f4 Bc6 16. Qc1 Qc8 17. Nd5 b5 18. f5 gxf5 19. exf5 Bxd5 20. cxd5 Nc5 21. Nd4 Ncd7 22. Bh6 Ne4 23. Bxe4 Rxe4 24. Qg5 Qf8 25. f6 Re5 26. Qxg7+ Qxg7 27. Bxg7 Rxd5 28. Nc6 Rxd1 29. Ne7# 1-0

[Event "Heart of Finland op 27th"]
[Site "Jyvaskyla"]
[Date "2017.07.17"]
[Round "1"]
[White "Linqvist, Grels"]
[Black "Vehkalahti, Veli"]
[Result "1-0"]
[WhiteElo "2043"]
[BlackElo "1920"]
[PlyCount "59"]
[EventDate "2017.07.17"]
[EventType "swiss"]
[EventRounds "9"]
[EventCountry "FIN"]
[SourceTitle "EXT 2022"]
[Source "ChessBase"]
[SourceDate "2021.10.06"]
[SourceVersion "1"]
[SourceVersionDate "2021.10.06"]
[SourceQuality "1"]

1. c4 e5 2. Nc3 Bb4 3. g3 Nf6 4. Bg2 0-0 5. Nf3 d6 6. 0-0 Bxc3 7. bxc3 Nc6 8. d3 e4 9. Nd4 Ne5 10. dxe4 Nxc4 11. Qb3 Na5 12. Qa4 c5 13. Nf5 Bd7 14. Qd1 Bxf5 15. exf5 d5 16. Bg5 Rc8 17. Qa4 b6 18. Rad1 Qd6 19. e4 Qe5 20. Bf4 Qxc3 21. e5 d4 22. exf6 Rfe8 23. Bd2 Qc4 24. Qd7 Rcd8 25. Rde1 Rf8 26. Qxa7 Qxa2 27. Bg5 Rd6 28. fxg7 Rc8 29. Be7 Rh6 30. Qd7 1-0

[Event "Helsinki We EtVaS A"]
[Site "Helsinki"]
[Date "2017.05.06"]
[Round "3"]
[White "Ronka, Erik"]
[Black "Linqvist, Grels"]
[Result "1-0"]
[WhiteElo "2290"]
[BlackElo "2047"]
[PlyCount "93"]
[EventDate "2017.05.05"]
[EventType "swiss"]
[EventRounds "5"]
[EventCountry "FIN"]
[SourceTitle "EXT 2022"]
[Source "ChessBase"]
[SourceDate "2021.10.06"]
[SourceVersion "1"]
[SourceVersionDate "2021.10.06"]
[SourceQuality "1"]

1. d4 d5 2. c4 c6 3. Nf3 Nf6 4. Nc3 e6 5. Bg5 Nbd7 6. e3 Qa5 7. cxd5 Nxd5 8. Qd2 Bb4 9. Rc1 Nxc3 10. bxc3 Ba3 11. Rb1 b6 12. Bd3 Ba6 13. 0-0 Bxd3 14. Qxd3 0-0 15. e4 Rfe8 16. e5 Bf8 17. Rb2 c5 18. Rc2 Rac8 19. Rfc1 h6 20. Be3 Red8 21. Qe4 Qa4 22. Nd2 Rc7 23. Nb3 Rdc8 24. f3 Be7 25. Re2 cxd4 26. cxd4 Rxc1+ 27. Bxc1 Qc6 28. Qg4 Kf8 29. f4 a5 30. Be3 Qe4 31. Nd2 Qd3 32. Qf3 Rd8 33. Ne4 Kg8 34. Ng3 Nf8 35. f5 exf5 36. Nxf5 Ng6 37. h3 Bb4 38. Kh2 Ne7 39. Nxg7 Qg6 40. Nh5 Nf5 41. d5 Bc3 42. Nf6+ Kg7 43. Bxh6+ Kxh6 44. Qxc3 Qg5 45. Re4 Ne7 46. Rg4 Qf5 47. Qc1+ 1-0

[Event "Helsinki We MatSK (std)"]
[Site "Helsinki"]
[Date "2017.02.25"]
[Round "5"]
[White "Linqvist, Grels"]
[Black "Blinov, Jurij"]
[Result "0-1"]
[WhiteElo "2040"]
[BlackElo "1983"]
[PlyCount "150"]
[EventDate "2017.02.24"]
[EventType "swiss"]
[EventRounds "7"]
[EventCountry "FIN"]
[SourceTitle "EXT 2022"]
[Source "ChessBase"]
[SourceDate "2021.10.06"]
[SourceVersion "1"]
[SourceVersionDate "2021.10.06"]
[SourceQuality "1"]

1. c4 Nf6 2. g3 g6 3. Bg2 Bg7 4. Nc3 c6 5. Nf3 0-0 6. 0-0 Na6 7. d4 d6 8. h3 Nc7 9. Re1 d5 10. cxd5 Ncxd5 11. e4 Nxc3 12. bxc3 Qa5 13. Bd2 Nd7 14. Qc2 Qc7 15. Bf4 e5 16. Be3 Re8 17. Rad1 exd4 18. cxd4 Nf6 19. Nd2 Qe7 20. Bg5 h6 21. Be3 Bd7 22. Rb1 b6 23. a4 Qd8 24. Kh2 Qc8 25. f3 g5 26. Nc4 Qb8 27. Ne5 Qd6 28. Nxd7 Qxd7 29. Rbc1 Rac8 30. Qd2 Qe7 31. Rc2 Nd7 32. f4 f6 33. Rec1 Nb8 34. a5 Qd7 35. axb6 axb6 36. Qb4 b5 37. Bf3 Bf8 38. Qb3+ Qf7 39. Qxf7+ Kxf7 40. Bh5+ Ke7 41. Bxe8 Kxe8 42. d5 Kd7 43. dxc6+ Nxc6 44. Rd1+ Kc7 45. Bc5 Bxc5 46. Rxc5 Kb6 47. Rf5 b4 48. Rb1 Rd8 49. Kg2 Rd2+ 50. Kf3 Nd4+ 51. Ke3 Nxf5+ 52. Kxd2 Nxg3 53. Rxb4+ Kc5 54. Ra4 gxf4 55. Kd3 h5 56. Ra6 f5 57. Ra5+ Kd6 58. exf5 Ke7 59. Ra6 Kf7 60. Ra4 Nxf5 61. Rxf4 Kg6 62. h4 Ng3 63. Ke3 Nf5+ 64. Ke4 Nd6+ 65. Ke5 Nf7+ 66. Ke6 Nh6 67. Rf6+ Kg7 68. Rf1 Kg6 69. Rg1+ Ng4 70. Ke7 Kf5 71. Kf7 Ne5+ 72. Kg7 Nf3 73. Rf1 Kg4 74. Rxf3 Kxf3 75. Kg6 Kg3 0-1

[Event "Helsinki Mestaruus M 2017"]
[Site "Helsinki"]
[Date "2017.01.03"]
[Round "7"]
[White "Kauppala, Pekka"]
[Black "Linqvist, Grels"]
[Result "1-0"]
[WhiteElo "2049"]
[BlackElo "2065"]
[PlyCount "43"]
[EventDate "2016.12.27"]
[EventType "tourn"]
[EventRounds "9"]
[EventCountry "FIN"]
[SourceTitle "EXT 2022"]
[Source "ChessBase"]
[SourceDate "2021.10.06"]
[SourceVersion "1"]
[SourceVersionDate "2021.10.06"]
[SourceQuality "1"]

1. e4 e6 2. d4 d5 3. Nc3 Bb4 4. Bd3 dxe4 5. Bxe4 Nf6 6. Bf3 c5 7. a3 Ba5 8. dxc5 Bxc3+ 9. bxc3 Qa5 10. Ne2 Qxc5 11. a4 Nd5 12. Ba3 Qc4 13. 0-0 Nc6 14. Re1 Nce7 15. Ng3 Bd7 16. Ne4 Nc8 17. Nd2 Qxc3 18. Bxd5 Bxa4 19. Bxb7 Rb8 20. Ne4 Qxe1+ 21. Qxe1 Rxb7 22. Qc3 1-0

[Event "Helsinki Mestaruus M 2017"]
[Site "Helsinki"]
[Date "2016.12.30"]
[Round "4"]
[White "Linqvist, Grels"]
[Black "Gronroos, Matti"]
[Result "1/2-1/2"]
[WhiteElo "2065"]
[BlackElo "1981"]
[PlyCount "67"]
[EventDate "2016.12.27"]
[EventType "tourn"]
[EventRounds "9"]
[EventCountry "FIN"]
[SourceTitle "EXT 2022"]
[Source "ChessBase"]
[SourceDate "2021.10.06"]
[SourceVersion "1"]
[SourceVersionDate "2021.10.06"]
[SourceQuality "1"]

1. c4 c6 2. e4 d5 3. exd5 cxd5 4. d4 Nf6 5. Nc3 Nc6 6. Nf3 Bg4 7. cxd5 Nxd5 8. Be2 e6 9. 0-0 Be7 10. Ne5 Nxc3 11. bxc3 Bxe2 12. Qxe2 Nxe5 13. Qxe5 0-0 14. a4 Rc8 15. Bd2 Qc7 16. Qe4 Qc6 17. Qxc6 Rxc6 18. Rfb1 b6 19. a5 Bd8 20. axb6 Bxb6 21. Kf1 Rd8 22. Rb5 Kf8 23. Ke2 Rd5 24. Rab1 Ke7 25. Kd3 Kd7 26. Be3 Rc8 27. c4 Rxb5 28. Rxb5 Kc6 29. Rh5 h6 30. d5+ exd5 31. Rxd5 Bxe3 32. Kxe3 Rc7 33. Ra5 Rd7 34. h4 1/2-1/2

[Event "Nordic-ch Seniors"]
[Site "Sastamala"]
[Date "2016.10.26"]
[Round "5"]
[White "Keto, Hannu"]
[Black "Linqvist, Grels"]
[Result "1/2-1/2"]
[WhiteElo "2096"]
[BlackElo "2059"]
[PlyCount "61"]
[EventDate "2016.10.22"]
[EventType "swiss"]
[EventRounds "9"]
[EventCountry "FIN"]
[SourceTitle "EXT 2018"]
[Source "ChessBase"]
[SourceDate "2017.10.13"]
[SourceVersion "1"]
[SourceVersionDate "2017.10.13"]
[SourceQuality "1"]

1. c4 c5 2. Nf3 Nf6 3. g3 g6 4. Bg2 Bg7 5. 0-0 0-0 6. Nc3 Nc6 7. d4 cxd4 8. Nxd4 Ng4 9. e3 Nge5 10. b3 d6 11. f4 Nxd4 12. exd4 Bg4 13. Qd2 Nc6 14. d5 Nb4 15. Bb2 Qb6+ 16. Kh1 Qd4 17. Qxd4 Bxd4 18. Nd1 Bxb2 19. Nxb2 Bf5 20. Nd1 h5 21. Ne3 Bd7 22. Be4 Na6 23. Rae1 Nc5 24. Bc2 f5 25. Nd1 Kf7 26. Nc3 Rab8 27. Re3 Na6 28. Rfe1 Rfe8 29. a3 Rbc8 30. Bd1 Nc7 31. Be2 1/2-1/2

[Event "Naantali Avoin op"]
[Site "Naantali"]
[Date "2016.07.09"]
[Round "8"]
[White "Linqvist, Grels"]
[Black "Torkkola, Henri"]
[Result "0-1"]
[WhiteElo "2034"]
[BlackElo "2216"]
[PlyCount "62"]
[EventDate "2016.07.04"]
[EventType "swiss"]
[EventRounds "9"]
[EventCountry "FIN"]
[SourceTitle "EXT 2017"]
[Source "ChessBase"]
[SourceDate "2016.10.25"]
[SourceVersion "1"]
[SourceVersionDate "2016.10.25"]
[SourceQuality "1"]

1. c4 Nf6 2. g3 g6 3. Bg2 Bg7 4. Nc3 0-0 5. d4 c5 6. Nf3 cxd4 7. Nxd4 Qc7 8. b3 d5 9. Bxd5 Bh3 10. e3 Rd8 11. Bd2 Nc6 12. Nxc6 bxc6 13. Bf3 Ng4 14. Qe2 Ne5 15. Be4 f5 16. f4 Bg4 17. Qf2 fxe4 18. fxe5 Rf8 19. Qg2 Bf3 20. Qf1 Qxe5 21. Rg1 Qxc3 22. Bxc3 Bxc3+ 23. Kf2 Bd1+ 24. Kg2 Rxf1 25. Rxd1 Rxg1+ 26. Kxg1 Kf7 27. Kf2 Ke6 28. Rc1 Ba5 29. Ke2 Rd8 30. Rc2 Rd3 31. c5 Rc3 0-1

[Event "Naantali Avoin op"]
[Site "Naantali"]
[Date "2016.07.07"]
[Round "6"]
[White "Linqvist, Grels"]
[Black "Linden, Lari"]
[Result "1/2-1/2"]
[WhiteElo "2034"]
[BlackElo "2139"]
[PlyCount "26"]
[EventDate "2016.07.04"]
[EventType "swiss"]
[EventRounds "9"]
[EventCountry "FIN"]
[SourceTitle "EXT 2017"]
[Source "ChessBase"]
[SourceDate "2016.10.25"]
[SourceVersion "1"]
[SourceVersionDate "2016.10.25"]
[SourceQuality "1"]

1. c4 e5 2. Nc3 Nc6 3. g3 Nf6 4. Bg2 Bc5 5. e3 0-0 6. Nge2 Re8 7. 0-0 d6 8. d4 Bb6 9. a3 a5 10. h3 Bf5 11. b3 exd4 12. exd4 Ne4 13. Be3 Qd7 1/2-1/2

[Event "Naantali Avoin op"]
[Site "Naantali"]
[Date "2016.07.06"]
[Round "4"]
[White "Linqvist, Grels"]
[Black "Smeds, Tom"]
[Result "1-0"]
[WhiteElo "2034"]
[BlackElo "1886"]
[PlyCount "81"]
[EventDate "2016.07.04"]
[EventType "swiss"]
[EventRounds "9"]
[EventCountry "FIN"]
[SourceTitle "EXT 2017"]
[Source "ChessBase"]
[SourceDate "2016.10.25"]
[SourceVersion "1"]
[SourceVersionDate "2016.10.25"]
[SourceQuality "1"]

1. c4 b6 2. Nf3 Bb7 3. g3 Bxf3 4. exf3 c5 5. d4 cxd4 6. Qxd4 Nc6 7. Qd1 e6 8. Be3 Qf6 9. Nc3 Bb4 10. Rc1 Rc8 11. a3 Bxc3+ 12. Rxc3 Nge7 13. Be2 d5 14. cxd5 exd5 15. Bb5 0-0 16. Bxc6 Rxc6 17. Bd4 Qe6+ 18. Re3 Qc8 19. 0-0 Nf5 20. Re5 Rd8 21. Rfe1 f6 22. R5e2 Nxd4 23. Qxd4 Rc1 24. Kg2 Rxe1 25. Rxe1 Kf7 26. Re3 Qc4 27. Qd1 d4 28. Re4 f5 29. Rh4 h6 30. b3 Qc3 31. Rf4 Kf6 32. g4 g6 33. gxf5 gxf5 34. Qb1 Rd5 35. Rh4 Kg5 36. Kg3 f4+ 37. Rxf4 Qc7 38. h4+ Kh5 39. Qe4 Qd7 40. Rg4 Qf7 41. f4 1-0

[Event "FIN-chT1A 1516"]
[Site "Finland"]
[Date "2016.02.07"]
[Round "7.4"]
[White "Wilen, Eero"]
[Black "Linqvist, Grels"]
[Result "0-1"]
[WhiteElo "2083"]
[BlackElo "2014"]
[PlyCount "104"]
[EventDate "2015.09.12"]
[EventType "team-tourn"]
[EventRounds "8"]
[EventCountry "FIN"]
[SourceTitle "EXT 2017"]
[Source "ChessBase"]
[SourceDate "2016.10.25"]
[SourceVersion "1"]
[SourceVersionDate "2016.10.25"]
[SourceQuality "1"]
[WhiteTeam "Helsinki I-HSK"]
[BlackTeam "Vaasa VSS"]
[WhiteTeamCountry "FIN"]
[BlackTeamCountry "FIN"]

1. d4 d5 2. c4 c6 3. Nf3 Nf6 4. Nc3 e6 5. e3 Nbd7 6. Bd3 dxc4 7. Bxc4 b5 8. Bb3 b4 9. Ne2 Bb7 10. 0-0 Be7 11. Ng3 0-0 12. e4 h6 13. Re1 Re8 14. Bf4 Bf8 15. Qd2 Rc8 16. Rac1 a5 17. h3 Nb6 18. e5 Nfd5 19. Ne4 Nxf4 20. Qxf4 a4 21. Bd1 Ba6 22. Be2 Bxe2 23. Rxe2 Nd5 24. Qd2 Qb6 25. Nc5 Bxc5 26. Rxc5 Red8 27. Qc2 Qa6 28. Re4 Ne7 29. Rc4 Rb8 30. Nd2 Rb5 31. Rg4 Rdb8 32. Ne4 g6 33. Qc1 Kg7 34. Nf6 b3 35. a3 R5b7 36. h4 Rd8 37. h5 Qa7 38. hxg6 fxg6 39. Qf4 Nf5 40. Nh5+ Kh7 41. Nf6+ Kg7 42. Qe4 Rc7 43. Rxc6 Rxc6 44. Qxc6 Nxd4 45. Qc4 Kf7 46. Rf4 Nf5 47. Ne4 Qa5 48. Nd6+ Ke7 49. Nxf5+ exf5 50. Rd4 Qe1+ 51. Kh2 Qxe5+ 52. Rf4 g5 0-1

[Event "IPCA Wch 15th"]
[Site "Bratislava"]
[Date "2015.06.26"]
[Round "9"]
[White "Kestlane, Harry"]
[Black "Linqvist, Grels"]
[Result "1/2-1/2"]
[WhiteElo "1776"]
[BlackElo "2027"]
[PlyCount "52"]
[EventDate "2015.06.19"]
[EventType "swiss"]
[EventRounds "9"]
[EventCountry "SVK"]
[SourceTitle "CBM 167 Extra"]
[Source "ChessBase"]
[SourceDate "2015.09.14"]
[SourceVersion "1"]
[SourceVersionDate "2015.09.14"]
[SourceQuality "1"]

1. e4 e6 2. d4 d5 3. Nd2 Nf6 4. e5 Nfd7 5. Bd3 c5 6. c3 Nc6 7. Ne2 cxd4 8. cxd4 f6 9. exf6 Nxf6 10. 0-0 Bd6 11. Nf3 0-0 12. Re1 Bd7 13. Bf4 Bxf4 14. Nxf4 Ne4 15. Bxe4 Rxf4 16. Bd3 Qf6 17. Ne5 Nxe5 18. dxe5 Qf8 19. Qc2 h6 20. Qe2 Rc8 21. Rac1 Rxc1 22. Rxc1 Bc6 23. g3 Rb4 24. a3 Rb6 25. b4 Qd8 26. b5 Be8 1/2-1/2